INTRODUCCION A LAS DOCTRINAS POLITICO-ECONOMICAS (Registro nro. 18877)
[ vista simple ]
| 000 -LEADER | |
|---|---|
| fixed length control field | 00534nam a2200181 a 4500 |
| 001 - CONTROL NUMBER | |
| control field | 18877 |
| 005 - DATE AND TIME OF LATEST TRANSACTION | |
| control field | 20180713212236.0 |
| 008 - FIXED-LENGTH DATA ELEMENTS--GENERAL INFORMATION | |
| fixed length control field | 140415s1956 000 0 spa d |
| 041 ## - LANGUAGE CODE | |
| Language code of text/sound track or separate title | spa |
| 082 ## - DEWEY DECIMAL CLASSIFICATION NUMBER | |
| Classification number | 320.5 |
| Item number | MON |
| 100 1# - MAIN ENTRY--PERSONAL NAME | |
| Personal name | MONTENEGRO, WALTER |
| 245 10 - TITLE STATEMENT | |
| Title | INTRODUCCION A LAS DOCTRINAS POLITICO-ECONOMICAS |
| 250 ## - EDITION STATEMENT | |
| Edition statement | 4a ed. |
| 260 ## - PUBLICATION, DISTRIBUTION, ETC. | |
| Place of publication, distribution, etc. | [s.l.] : |
| Name of publisher, distributor, etc. | FONDO DE CULTURA ECONOMICA, |
| Date of publication, distribution, etc. | 1956 |
| 300 ## - PHYSICAL DESCRIPTION | |
| Extent | 202 |
| 490 ## - SERIES STATEMENT | |
| Series statement | BREVIARIOS DEL FONDO DE CULTURA ECONOMICA |
| Volume/sequential designation | 122 |
| 650 14 - SUBJECT ADDED ENTRY--TOPICAL TERM | |
| Topical term or geographic name entry element | CIENCIAS POLITICAS |
| General subdivision | ECONOMIA |
| Withdrawn status | Lost status | Source of classification or shelving scheme | Damaged status | Not for loan | Collection code | Home library | Current library | Shelving location | Date acquired | Source of acquisition | Inventory number | Total Checkouts | Full call number | Barcode | Date last seen | Price effective from | Koha item type |
|---|---|---|---|---|---|---|---|---|---|---|---|---|---|---|---|---|---|
| Dewey Decimal Classification | General | Biblioteca Karol Wojtyla | Biblioteca Karol Wojtyla | Sala general | 03/12/2013 | Compra | 151000000000000000055942 | 320.5 MON | 38302 | 05/01/2026 | 03/12/2013 | Libro |